000 00774nam a22002177a 4500
008 081223t xxu||||| |||| 00| 0 eng d
010 _aENG-92267
020 _c110.00
035 _aEN-75800
037 _bDBAD / PUB
040 _adpl
_bEnglish
082 _a005.133
100 _aAmali Asha, A.
245 _aProgramming in Java /
_cby A. Amali Asha
260 _aMadurai
_bK.S.Publishers
_c2007
270 _aPalkalai Narar
_bMadurai
_e625021
300 _axviii, 378p.
_c23cm (pbk)
650 _aJava (Computer program language).
942 _2ddc
_cEN
_mAMA
_h005.133
999 _c20196
_d20196